Visualizzazione normale
Vista MARC
- D'Amico Bendico' Silvia
di Personal Name
Records bibliografici associati: 1
001 - CONTROL NUMBER
- control field: 45429
003 - CONTROL NUMBER IDENTIFIER
- control field: IT-RoPau
005 - DATE AND TIME OF LATEST TRANSACTION
- control field: 20151129171623.0
008 - FIXED-LENGTH DATA ELEMENTS
- fixed length control field: 151129|| aca||aabn | a|a d
040 ## - CATALOGING SOURCE
- Original cataloging agency: IT-RoPau
- Transcribing agency: IT-RoPau
100 ## - HEADING--PERSONAL NAME
- Personal name: D'Amico Bendico' Silvia
- Relator term: (soggetto)
- Miscellaneous information: Codice Soggetto 2° SPICS: 26922
670 ## - SOURCE DATA FOUND
- Source citation: Work cat.: (IT-RoPau)106161: Rossellini Roberto Codice regista SPICS: 1870 45426, MESSIA (IL) MESSIA (IL) (Rif. Codice opera principale : H7959)